Turbulence (Record no. 5373)

000 -LEADER
fixed length control field 00511nam a2200205 i 4500
001 - CONTROL NUMBER
control field 5373
003 - CONTROL NUMBER IDENTIFIER
control field BD-DhUET
008 - FIXED-LENGTH DATA ELEMENTS--GENERAL INFORMATION
fixed length control field 750220s1975 nyua b 001 0 eng
020 ## - INTERNATIONAL STANDARD BOOK NUMBER
International Standard Book Number 0070290377
040 ## - CATALOGING SOURCE
Original cataloging agency DLC
Transcribing agency DLC
Modifying agency BD-DhUET
082 00 - DEWEY DECIMAL CLASSIFICATION NUMBER
Classification number 532.56
Item number HIN/1975
100 1# - MAIN ENTRY--PERSONAL NAME
Personal name Hinze, J. O.
245 00 - TITLE STATEMENT
Title Turbulence
250 ## - EDITION STATEMENT
Edition statement 2nd ed.
260 ## - PUBLICATION, DISTRIBUTION, ETC. (IMPRINT)
Place of publication, distribution, etc. New York
Name of publisher, distributor, etc. McGraw-Hill
Date of publication, distribution, etc. 1975
300 ## - PHYSICAL DESCRIPTION
Extent x,790p.
Other physical details ill.
Dimensions 24 cm.
490 0# - SERIES STATEMENT
Series statement McGraw-Hill series in mechanical engineering
650 #0 - SUBJECT ADDED ENTRY--TOPICAL TERM
Topical term or geographic name as entry element Turbulence
942 ## - ADDED ENTRY ELEMENTS (KOHA)
Koha item type General Book
Holdings
Copy number Price effective from Koha date last borrowed Koha issues (times borrowed) Koha normalized classification for sorting Date acquired Koha full call number Koha date last seen Lost status Not for loan Withdrawn status Koha item type Source of classification or shelving scheme Shelving location Piece designation (barcode) Sublocation or collection (holding branch) Location (home branch) Damaged status
12014-11-26  532_560000000000000_HIN_19752014-11-26532.56/HIN/19752014-11-26   General Book Circulation section63813Central Library, BUETCentral Library, BUET 
22014-11-26  532_560000000000000_HIN_19752014-11-26532.56/HIN/19752014-11-26   General Book Circulation section63816Central Library, BUETCentral Library, BUET 
32014-12-07  532_560000000000000_HIN_19752014-12-07532.56/HIN/19752014-12-07   General Book Circulation section44334Central Library, BUETCentral Library, BUET 
42014-12-07  532_560000000000000_HIN_19752014-12-07532.56/HIN/19752014-12-07   General Book Circulation section63807Central Library, BUETCentral Library, BUET 
52014-12-072015-03-251532_560000000000000_HIN_19752014-12-07532.56/HIN/19752015-03-29   General Book Circulation section63812Central Library, BUETCentral Library, BUET 
62014-12-07  532_560000000000000_HIN_19752014-12-07532.56/HIN/19752014-12-07   General Book Circulation section63805Central Library, BUETCentral Library, BUET 
72014-12-07  532_560000000000000_HIN_19752014-12-07532.56/HIN/19752014-12-07   General Book Circulation section63810Central Library, BUETCentral Library, BUET 
82014-12-07  532_560000000000000_HIN_19752014-12-07532.56/HIN/19752014-12-07   General Book Circulation section63808Central Library, BUETCentral Library, BUET 
92014-12-07  532_560000000000000_HIN_19752014-12-07532.56/HIN/19752014-12-07   General Book Circulation section63809Central Library, BUETCentral Library, BUET 
102014-12-072022-11-141532_560000000000000_HIN_19752014-12-07532.56/HIN/19752023-02-28   General Book Circulation section63806Central Library, BUETCentral Library, BUET 
112014-12-072015-05-261532_560000000000000_HIN_19752014-12-07532.56/HIN/19752015-09-14   General Book Circulation section63815Central Library, BUETCentral Library, BUET 
122015-03-09  532_560000000000000_HIN_19752015-03-09532.56/HIN/19752015-03-09   General Book Circulation section39158Central Library, BUETCentral Library, BUET 
132015-06-07  532_560000000000000_HIN_19752015-06-07532.56/HIN/19752015-06-07   Reading Item Reading section58968Central Library, BUETCentral Library, BUET 
142015-06-07  532_560000000000000_HIN_19752015-06-07532.56/HIN/19752015-06-07   Reading Item Reading section60653Central Library, BUETCentral Library, BUET 
152015-06-23  532_560000000000000_HIN_19752015-06-23532.56/HIN/19752015-06-23   Reading Item Reading section52729Central Library, BUETCentral Library, BUET 
162024-11-162024-11-271532_560000000000000_HIN_19751985-06-29532.56 HIN/19752024-11-27   General Book Circulation section63811Central Library, BUETCentral Library, BUET 
 2024-11-16  532_560000000000000_HIN_19752024-11-16532.56 HIN/19752024-11-16   General Book   Central Library, BUETCentral Library, BUET 
182024-11-16  532_560000000000000_HIN_19752025-09-03532.56 HIN/19752024-11-16   General Book Circulation section39159Central Library, BUETCentral Library, BUET